000 00701nam a2200217Ia 4500
999 _c65109
_d65109
003 GCL
005 20240530110807.0
008 140319s9999 xx 000 0 ara d
040 _aGCL /
_cGCL
082 0 4 _a640 /
_bش د
100 1 _aالشركة الشرقية للمطبوعات
245 1 0 _aدليلك سيدتى : دليل المرأة الصحى . المجلد الثامن /
_cالشركة الشرقية للمطبوعات
300 _a189 ص
490 _aدليلك سيدتى
_v0
650 0 4 _aالنساء
650 0 4 _aالولادة
650 0 4 _aالنساء - رعاية صحية
650 0 4 _aالوحام
650 0 4 _aالامراض النسائية
942 _2ddc
_cBK